000
00326nam a2200133Ia 4500
008
220216s9999 xx 000 0 und d
100
_a
George C M
245
0
_a
Are radial tyres a threat to NR industry ?
260
_b
Rubber Asia
_c
1997
300
_a
19-20
650
_a
NR industry
650
_a
Radial tyres
942
_c
JS
999
_c
54479
_d
54479